Statistics for Countries with embassies and consulates in Boston

Click here to take the quiz!

General Stats

  • This quiz has been taken 36 times
  • The average score is 22 of 26

Answer Stats

ContinentCountry% Correct
South AmericaBrazil
100%
North AmericaCanada
100%
North AmericaMexico
97%
EuropeUnited Kingdom
97%
EuropeFrance
93%
EuropeIreland
93%
EuropeItaly
93%
EuropeSpain
93%
South AmericaColombia
90%
EuropeGermany
90%
AsiaJapan
90%
South AmericaPeru
90%
Asia/ EuropeTurkey
90%
North AmericaDominican Republic
86%
North AmericaEl Salvador
83%
North AmericaHaiti
83%
EuropePortugal
83%
North AmericaGuatemala
79%
North AmericaHonduras
79%
South AmericaVenezuela
76%
EuropeGreece
72%
AsiaIsrael
72%
AsiaSouth Korea
72%
AsiaUnited Arab Emirates
59%
AfricaCape Verde
55%
EuropeSwitzerland
52%

Score Distribution

Percentile by Number Answered

Percent of People with Each Score

Your Score History

You have not taken this quiz